Substantivos Colectivos - Animais - Statistics

Estatísticas Gerais
  • Esse quiz foi jogado 398 vezes
  • A pontuação média é 6 de 24
Estatísticas das Respostas
Animal substantivo % Correto
Peixes Cardume
95%
Abelhas Enxame, Colmeia
90%
Lobos Alcateia
89%
Cães Matilha
71%
Ovelhas Rebanho
53%
Porcos Vara
47%
Formigas Colônia, Formigueiro
42%
Gafanhotos Nuvem
31%
Animais de corte Gado
27%
Camelos Cáfila
23%
Animais de uma região Fauna
18%
Borboletas Panapaná
16%
Gatos Cambada, Gataria
11%
Animais de carga Tropa(<10), Lote
7%
Cabras Fato
5%
Javalis Malhada
4%
Vacas, Búfalos Armento
3%
Macacos Capela
3%
Burros Récua
3%
Insectos Miriade
2%
Éguas Piara
2%
Animaiis de raça p/ reprodução Plantel
2%
Carneiros Chafardel
1%
Mulas Ponta
1%
Nenhum quiz correspondente encontrado
Distribuição das Pontuações
Porcentagem de Pessoas com Cada Pontuação
Percentil de Números Respondidos
Sua Pontuação Histórica
Você não jogou esse quiz